El método formal en los estudios literarios : introducción crítica a una poética sociológica /

Αποθηκεύτηκε σε:
Λεπτομέρειες βιβλιογραφικής εγγραφής
Κύριος συγγραφέας: Bajtin, Mijail Mijailovich, 1895-1975
Μορφή: Άγνωστο
Έκδοση: Madrid, España : Alianza, 1994.
Σειρά:(Alianza Universidad)
Θέματα:
Ετικέτες: Προσθήκη ετικέτας
Δεν υπάρχουν, Καταχωρήστε ετικέτα πρώτοι!

MARC

LEADER 000000000a22000000004500
001 004515
082 0 4 |a 809.1   |b B165m 
100 1 |a Bajtin, Mijail Mijailovich,   |d 1895-1975 
245 1 3 |a El método formal en los estudios literarios :   |b introducción crítica a una poética sociológica /   |c Mijail Mijailovich Bajtin. 
260 1 |a Madrid, España :   |b Alianza,   |c 1994. 
300 |a 205 páginas 
490 1 |a (Alianza Universidad) 
650 4 |a POESIA 
650 4 |a HISTORIA Y CRITICA 
999 |c 10671  |d 10671 
942 |c BK  |h 809.1 B165m  |2 z